| 000 | 00585nam a2200241Ia 4500 | ||
|---|---|---|---|
| 003 | OSt | ||
| 005 | 20221005125204.0 | ||
| 006 | a|||||r|||| 00| 0 | ||
| 007 | ta | ||
| 008 | 221004b |||||||| |||| 00| 0 tam d | ||
| 024 | _a47281 | ||
| 037 | _cTextual | ||
| 040 |
_aCRL _cCRL _btam |
||
| 041 |
_2tam _atam |
||
| 082 | _aNR211, 31K0.15 | ||
| 100 |
_aThamizhichai _9636279 |
||
| 245 | 0 | _aPadalgal | |
| 260 | _c1960 | ||
| 300 |
_a292 _ccm. |
||
| 650 |
_aMUSIC _917402 |
||
| 942 |
_hNR211, 31K0.15 _cTEXL _2cc |
||
| 999 |
_c1053203 _d1053203 |
||